000 01582nam0a2200349 4500
001 RU\NLR\bibl\740453
005 20260607045239.0
010 _a5-699-07410-4
_94000
021 _aRU
_b2004-63288
_93122
035 _aRSL-KNO-002487064
035 _a(NLR Aleph) 000730344
090 _a758627
_c758627
100 _a20041012d2004 |||y0rusy50 ca
101 1 _arus
_ceng
102 _aRU
105 _aa |||||||||
106 _ar
200 1 _aИскушение кровью
_fКуин Челси Ярбро
_g[пер. с англ. Е. Коротнян]
210 _aМ.
_cЭксмо
_aСПб.
_cДомино
_d2004
215 _a765, [2] с.
_cил.
_d21
225 1 _aМистика
225 1 _aВампирские хроники
610 0 _aФилологические науки. Художественная литература -- США -- Американская литература -- с 1945 г. -- Произведения художественной литературы -- Художественная проза -- Романы. Повести. Рассказы -- Фантастические и мистические романы, повести, рассказы. Романы ужасов
686 _aШ5(7США)62-644.5
_2rubbk
686 _aШ6(7США)67-445{Лх1979-62}
700 1 _4070
_7ca
_8rus
_aЯрбро
_bЧ. К.
_gЧелси Куинн
_97901
_3RU\NLR\auth\7724851
801 0 _aRU
_bRuMoRKP
_c20041012
_grcr
801 1 _aRU
_bRuMoRGB
_c20041012
801 2 _aRU
_bNLR
_c20050326
_gPSBO
942 _cBOOK
980 _aNB